| 000 | 00564nam a22001817a 4500 | ||
|---|---|---|---|
| 005 | 20251126145817.0 | ||
| 008 | 251126b |||||||| |||| 00| 0 eng d | ||
| 020 | _a978-1-4548-7104-0 | ||
| 100 | _aCARNELL, RICHARD SCOTT | ||
| 245 | _aTHE LAW OF FINANCIAL INSTITUTIONS | ||
| 250 | _a6TH ED | ||
| 260 |
_aNEWYORK _bWOLTERS KLUWER _c2017 |
||
| 300 | _aXXXIV, 929P. | ||
| 500 | _aINCLUDES INDEX | ||
| 650 | _a1. BANKING LAW - UNITED STATES 2. FINANCIAL SERVICES INDUSTRY - LAW AND LEGLATION - UNITED STATES | ||
| 700 | _aMACEY, JONATHAN R. | ||
| 942 |
_2lcc _cBK |
||
| 999 |
_c216297 _d216297 |
||